| 000 | 00798aas a2200217 4500 | ||
|---|---|---|---|
| 999 |
_c49862 _d49862 |
||
| 001 | 768714001 | ||
| 003 | CO-MdFUSB | ||
| 005 | 20171019102811.0 | ||
| 008 | 171017s1999 xxu||||| |||| 00| 0 eng d | ||
| 022 | _a0277-9935 | ||
| 040 |
_aCO-MdFUSB _bspa _cCO-MdFUSB _dCO-MdFUSB |
||
| 041 | _aeng | ||
| 100 | 1 |
_aDunn, Richard R. _eautor |
|
| 242 |
_aLa "cuarta ola" : _buna perspectiva teológica sobre el ministerio de los jóvenes |
||
| 245 | 1 | 4 |
_aThe "fourth wave" : _ba theological perspective on youth ministry _c/ Richard R. Dunn |
| 300 |
_aVolumen 3. Número 2 (1999), páginas 47-61 _c: 23 cm. |
||
| 546 | _aTexto en inglés | ||
| 700 | 1 |
_aMohler, James W. _eautor |
|
| 773 | 0 |
_tChristian education journal _049475 _960884 _gVolumen 3. Número 2 (1999), páginas 47-61 _qPágina 47 |
|
| 942 | _cANA | ||